[Event "GER-ch Blitz 2019"]
[Site "Magdeburg"]
[Date "2019.05.25"]
[Round "7.13"]
[White "Schulz, Karsten"]
[Black "Barzen, Pascal"]
[Result "1-0"]
[WhiteElo "2227"]
[BlackElo "2292"]
[Annotator "NA"]
[PlyCount "107"]
[EventDate "2019.05.25"]
[EventType "tourn"]
[EventCountry "GER"]
[Tiebreak "Number of wins+Number of black wins"]
[SourceTitle "playchess.com"]
[Source "ChessBase"]
[SourceQuality "1"]
[TimeControl "180+2"]

1. Nf3 {[%emt 0:00:00]} Nf6 {[%emt 0:00:00]} 2. g3 {[%emt 0:00:00]} e6 {
[%emt 0:00:00]} 3. Bg2 {[%emt 0:00:01]} d5 4. c4 Be7 {[%emt 0:00:01]} 5. b3 {
[%emt 0:00:01]} O-O {[%emt 0:00:02]} 6. O-O c5 7. Bb2 {[%emt 0:00:03]} Nc6 {
[%emt 0:00:01]} 8. e3 {[%emt 0:00:01]} b6 {[%emt 0:00:01]} 9. Nc3 {[%emt 0:00:
02]} Bb7 {[%emt 0:00:04]} 10. cxd5 {[%emt 0:00:02]} exd5 {[%emt 0:00:02]} 11.
d4 {[%emt 0:00:01]} Rc8 {[%emt 0:00:05]} 12. Rc1 {[%emt 0:00:02]} Re8 {[%emt 0:
00:07]} 13. Re1 {[%emt 0:00:01]} Bf8 {[%emt 0:00:03]} 14. Na4 {[%emt 0:00:07]}
Ne4 {[%emt 0:00:03]} 15. dxc5 {[%emt 0:00:10]} bxc5 {[%emt 0:00:27]} 16. Nd2 {
[%emt 0:00:23]} Nb4 {[%emt 0:00:14]} 17. Bf1 {[%emt 0:00:33]} Nxd2 {[%emt 0:00:
20]} 18. Qxd2 {[%emt 0:00:02]} Nxa2 {[%emt 0:00:17]} 19. Ra1 {[%emt 0:00:18]}
Nb4 {[%emt 0:00:01]} 20. Bg2 {[%emt 0:00:02]} Qd6 {[%emt 0:00:20]} 21. Red1 {
[%emt 0:00:05]} Red8 {[%emt 0:00:07]} 22. Rac1 {[%emt 0:00:11]} Ba6 {[%emt 0:
00:11]} 23. Ba3 {[%emt 0:00:16]} Qf6 {[%emt 0:00:57]} 24. Nxc5 {[%emt 0:00:27]}
Rxc5 {[%emt 0:00:10]} 25. Bxb4 {[%emt 0:00:04]} Rxc1 {[%emt 0:00:01]} 26. Rxc1
{[%emt 0:00:03]} Bxb4 {[%emt 0:00:08]} 27. Qxb4 {[%emt 0:00:01]} h6 {[%emt 0:
00:07]} 28. Rd1 {[%emt 0:00:05]} Qe6 {[%emt 0:00:02]} 29. Qd4 {[%emt 0:00:03]}
Bb7 {[%emt 0:00:01]} 30. Qxa7 {[%emt 0:00:07]} Bc6 {[%emt 0:00:00]} 31. Qb6 {
[%emt 0:00:03]} Qd7 {[%emt 0:00:06]} 32. Qd4 Qe6 33. b4 {[%emt 0:00:03]} Rb8 {
[%emt 0:00:01]} 34. Rb1 {[%emt 0:00:04]} g6 {[%emt 0:00:02]} 35. h4 {[%emt 0:
00:02]} h5 {[%emt 0:00:01]} 36. Rc1 {[%emt 0:00:02]} Qd6 {[%emt 0:00:01]} 37.
Rc5 {[%emt 0:00:03]} Ba8 {[%emt 0:00:02]} 38. b5 {[%emt 0:00:08]} Kh7 {[%emt 0:
00:02]} 39. Bxd5 {[%emt 0:00:05]} Bxd5 {[%emt 0:00:01]} 40. Qxd5 {[%emt 0:00:
06]} Qf6 {[%emt 0:00:04]} 41. Qe5 {[%emt 0:00:05]} Qb6 {[%emt 0:00:05]} 42. Rc7
{[%emt 0:00:08]} Kg8 {[%emt 0:00:00]} 43. Qe7 {[%emt 0:00:04]} Rf8 {[%emt 0:00:
02]} 44. Rb7 {[%emt 0:00:02]} Qa5 {[%emt 0:00:00]} 45. Qc5 {[%emt 0:00:07]}
Qe1+ {[%emt 0:00:01]} 46. Kg2 {[%emt 0:00:00]} Qb1 {[%emt 0:00:03]} 47. Re7 {
[%emt 0:00:05]} Rb8 {[%emt 0:00:05]} 48. Qd5 {[%emt 0:00:03]} Rf8 {[%emt 0:00:
04]} 49. Rd7 {[%emt 0:00:03]} Qb2 {[%emt 0:00:01]} 50. Qc6 {[%emt 0:00:02]} Rb8
{[%emt 0:00:01]} 51. Qd5 {[%emt 0:00:03]} Rf8 {[%emt 0:00:01]} 52. Rd6 {
[%emt 0:00:02]} Rb8 {[%emt 0:00:01]} 53. Rxg6+ {[%emt 0:00:01]} Kh7 {[%emt 0:
00:02]} 54. Qxh5# {[%emt 0:00:04]} 1-0

[Event "GER-ch Blitz 2019"]
[Site "Magdeburg"]
[Date "2019.05.25"]
[Round "7.14"]
[White "Hebbinghaus, Holger"]
[Black "Carow, Johannes"]
[Result "0-1"]
[WhiteElo "2310"]
[BlackElo "2445"]
[Annotator "NA"]
[PlyCount "94"]
[EventDate "2019.05.25"]
[EventType "tourn"]
[EventCountry "GER"]
[Tiebreak "Number of wins+Number of black wins"]
[SourceTitle "playchess.com"]
[Source "ChessBase"]
[SourceQuality "1"]
[TimeControl "180+2"]

1. e4 {[%emt 0:00:00]} c6 {[%emt 0:00:00]} 2. d4 {[%emt 0:00:01]} d5 {[%emt 0:
00:00]} 3. exd5 {[%emt 0:00:01]} cxd5 {[%emt 0:00:00]} 4. Bf4 Nf6 {[%emt 0:00:
12]} 5. c3 {[%emt 0:00:07]} Nc6 {[%emt 0:00:04]} 6. Nd2 {[%emt 0:00:01]} g6 {
[%emt 0:00:04]} 7. Be2 {[%emt 0:00:04]} Bg7 {[%emt 0:00:02]} 8. h3 {[%emt 0:00:
01]} O-O {[%emt 0:00:09]} 9. Ngf3 {[%emt 0:00:01]} Nh5 {[%emt 0:00:22]} 10. Be3
{[%emt 0:00:22]} f5 {[%emt 0:00:08]} 11. Nb3 {[%emt 0:00:03]} Nf6 {[%emt 0:00:
16]} 12. O-O {[%emt 0:00:04]} Ne4 {[%emt 0:00:03]} 13. c4 {[%emt 0:00:22]} e6 {
[%emt 0:00:06]} 14. cxd5 {[%emt 0:00:27]} exd5 {[%emt 0:00:02]} 15. Bb5 {
[%emt 0:00:15]} Ne7 {[%emt 0:00:22]} 16. Bf4 {[%emt 0:00:18]} a6 {[%emt 0:00:
08]} 17. Be2 {[%emt 0:00:27]} Nc6 {[%emt 0:00:02]} 18. Ne5 {[%emt 0:00:09]} Bd7
{[%emt 0:00:20]} 19. Nxc6 {[%emt 0:00:07]} Bxc6 {[%emt 0:00:02]} 20. Be5 {
[%emt 0:00:11]} Bxe5 {[%emt 0:00:22]} 21. dxe5 {[%emt 0:00:01]} f4 {[%emt 0:00:
01]} 22. Qd4 {[%emt 0:00:12]} Qe7 {[%emt 0:00:04]} 23. Rfe1 {[%emt 0:00:07]}
Rae8 {[%emt 0:00:06]} 24. Bd3 {[%emt 0:00:05]} Qg5 {[%emt 0:00:13]} 25. f3 {
[%emt 0:00:02]} Ng3 {[%emt 0:00:18]} 26. e6 {[%emt 0:00:01]} Rf6 {[%emt 0:00:
16]} 27. Re5 {[%emt 0:00:03]} Qh4 {[%emt 0:00:03]} 28. Rae1 {[%emt 0:00:01]}
Nh5 {[%emt 0:00:03]} 29. Na5 {[%emt 0:00:08]} Ng7 {[%emt 0:00:02]} 30. e7 {
[%emt 0:00:03]} g5 {[%emt 0:00:05]} 31. Nxc6 {[%emt 0:00:03]} bxc6 {[%emt 0:00:
01]} 32. Bxa6 {[%emt 0:00:02]} Nf5 {[%emt 0:00:01]} 33. Qd2 {[%emt 0:00:05]}
Ne3 {[%emt 0:00:04]} 34. R1xe3 {[%emt 0:00:02]} fxe3 {[%emt 0:00:01]} 35. Qxe3
{[%emt 0:00:02]} h6 {[%emt 0:00:01]} 36. Re6 {[%emt 0:00:03]} Qf4 {[%emt 0:00:
04]} 37. Qe1 {[%emt 0:00:03]} Rxe6 38. Qxe6+ {[%emt 0:00:01]} Qf7 {[%emt 0:00:
03]} 39. Qxh6 {[%emt 0:00:08]} Qxe7 {[%emt 0:00:01]} 40. Qg6+ {[%emt 0:00:03]}
Kf8 {[%emt 0:00:01]} 41. Bd3 {[%emt 0:00:01]} Qe5 {[%emt 0:00:02]} 42. Qh6+ {
[%emt 0:00:02]} Ke7 {[%emt 0:00:01]} 43. Qh7+ {[%emt 0:00:02]} Kd6 {[%emt 0:00:
02]} 44. Qg6+ {[%emt 0:00:01]} Kc5 {[%emt 0:00:01]} 45. b4+ {[%emt 0:00:03]}
Kd4 {[%emt 0:00:02]} 46. Qxc6 {[%emt 0:00:03]} Kxd3 {[%emt 0:00:01]} 47. b5
Qe1+ 0-1

[Event "GER-ch Blitz 2019"]
[Site "Magdeburg"]
[Date "2019.05.25"]
[Round "7.15"]
[White "Schneider, Ilja"]
[Black "Krause, Benedict"]
[Result "1-0"]
[WhiteElo "2494"]
[BlackElo "2434"]
[Annotator "ChessBase"]
[PlyCount "113"]
[EventDate "2019.05.25"]
[EventType "tourn"]
[EventCountry "GER"]
[Tiebreak "Number of wins+Number of black wins"]
[SourceTitle "playchess.com"]
[Source "ChessBase"]
[SourceQuality "1"]
[TimeControl "180+2"]

1. d4 {[%emt 0:00:00]} Nf6 {[%emt 0:00:00]} 2. Bg5 {[%emt 0:00:01]} Ne4 {
[%emt 0:00:00]} 3. Bf4 {[%emt 0:00:01]} d5 {[%emt 0:00:01]} 4. e3 {[%emt 0:00:
01]} c5 {[%emt 0:00:03]} 5. Bd3 {[%emt 0:00:01]} Nf6 {[%emt 0:00:02]} 6. c3 {
[%emt 0:00:01]} Nc6 {[%emt 0:00:01]} 7. Nd2 {[%emt 0:00:01]} Bg4 {[%emt 0:00:
01]} 8. Ngf3 {[%emt 0:00:05]} e6 {[%emt 0:00:02]} 9. O-O {[%emt 0:00:02]} Bd6 {
[%emt 0:00:01]} 10. Bxd6 Qxd6 11. h3 {[%emt 0:00:12]} Bh5 {[%emt 0:00:02]} 12.
dxc5 {[%emt 0:00:13]} Qxc5 {[%emt 0:00:01]} 13. e4 {[%emt 0:00:09]} Bxf3 {
[%emt 0:00:12]} 14. Qxf3 {[%emt 0:00:03]} Ne5 {[%emt 0:00:11]} 15. Qg3 {
[%emt 0:00:20]} Nxd3 {[%emt 0:00:02]} 16. Qxd3 {[%emt 0:00:05]} O-O {[%emt 0:
00:07]} 17. Nb3 {[%emt 0:00:20]} Qc7 {[%emt 0:00:03]} 18. exd5 {[%emt 0:00:02]}
Nxd5 {[%emt 0:00:02]} 19. Rfd1 {[%emt 0:00:06]} Rad8 {[%emt 0:00:07]} 20. Nd4 {
[%emt 0:00:12]} a6 {[%emt 0:00:05]} 21. Qf3 {[%emt 0:00:03]} Nf6 {[%emt 0:00:
07]} 22. Nb3 {[%emt 0:00:16]} b5 {[%emt 0:00:13]} 23. Rxd8 {[%emt 0:00:08]}
Rxd8 {[%emt 0:00:01]} 24. Rd1 {[%emt 0:00:00]} h6 {[%emt 0:00:12]} 25. Rxd8+ {
[%emt 0:00:18]} Qxd8 {[%emt 0:00:01]} 26. Nd4 {[%emt 0:00:09]} Qd5 {[%emt 0:00:
18]} 27. Qxd5 {[%emt 0:00:06]} Nxd5 {[%emt 0:00:01]} 28. Kf1 {[%emt 0:00:14]}
Kf8 {[%emt 0:00:01]} 29. Nc6 {[%emt 0:00:07]} Ke8 {[%emt 0:00:31]} 30. g3 {
[%emt 0:00:02]} Nc7 {[%emt 0:00:24]} 31. Ke2 {[%emt 0:00:03]} Kd7 {[%emt 0:00:
05]} 32. Ne5+ {[%emt 0:00:00]} Ke7 {[%emt 0:00:02]} 33. Kd3 {[%emt 0:00:02]} f6
{[%emt 0:00:04]} 34. Nc6+ {[%emt 0:00:12]} Kd6 {[%emt 0:00:00]} 35. Nd4 {
[%emt 0:00:02]} g6 {[%emt 0:00:15]} 36. c4 {[%emt 0:00:05]} bxc4+ {[%emt 0:00:
12]} 37. Kxc4 {[%emt 0:00:01]} e5 {[%emt 0:00:02]} 38. Nf3 {[%emt 0:00:08]} g5
{[%emt 0:00:24]} 39. Nd2 {[%emt 0:00:07]} f5 {[%emt 0:00:01]} 40. g4 {[%emt 0:
00:03]} fxg4 {[%emt 0:00:08]} 41. Ne4+ {[%emt 0:00:02]} Kc6 {[%emt 0:00:04]}
42. hxg4 {[%emt 0:00:01]} Nd5 {[%emt 0:00:01]} 43. b4 {[%emt 0:00:04]} Nf4 {
[%emt 0:00:02]} 44. a4 {[%emt 0:00:01]} h5 {[%emt 0:00:01]} 45. gxh5 {[%emt 0:
00:02]} Nxh5 {[%emt 0:00:01]} 46. Nxg5 {[%emt 0:00:03]} Nf6 {[%emt 0:00:01]}
47. Nf7 {[%emt 0:00:06]} e4 {[%emt 0:00:01]} 48. Ng5 {[%emt 0:00:04]} Ng4 {
[%emt 0:00:02]} 49. Nxe4 {[%emt 0:00:01]} Ne5+ {[%emt 0:00:01]} 50. Kd4 {
[%emt 0:00:00]} Nf3+ 51. Ke3 Ne5 {[%emt 0:00:02]} 52. f4 {[%emt 0:00:01]} Nc4+
{[%emt 0:00:00]} 53. Kd4 {[%emt 0:00:01]} Nb2 {[%emt 0:00:01]} 54. Nc3 {
[%emt 0:00:01]} Kd6 {[%emt 0:00:02]} 55. f5 {[%emt 0:00:02]} Ke7 {[%emt 0:00:
03]} 56. b5 {[%emt 0:00:01]} axb5 {[%emt 0:00:02]} 57. axb5 {[%emt 0:00:01]}
1-0

[Event "GER-ch Blitz 2019"]
[Site "Magdeburg"]
[Date "2019.05.25"]
[Round "8.1"]
[White "Kopylov, Michael"]
[Black "Gustafsson, Jan"]
[Result "0-1"]
[WhiteElo "2413"]
[BlackElo "2639"]
[Annotator "RC"]
[PlyCount "62"]
[EventDate "2019.05.25"]
[EventType "tourn"]
[EventCountry "GER"]
[Tiebreak "Number of wins+Number of black wins"]
[SourceTitle "playchess.com"]
[Source "ChessBase"]
[SourceQuality "1"]
[TimeControl "180+2"]

1. d4 {[%emt 0:00:00]} d5 {[%emt 0:00:00]} 2. c4 {[%emt 0:00:00]} e6 {[%emt 0:
00:00]} 3. Nf3 {[%emt 0:00:00]} a6 {[%emt 0:00:01]} 4. Nbd2 {[%emt 0:00:02]}
Nf6 {[%emt 0:00:06]} 5. g3 {[%emt 0:00:01]} dxc4 {[%emt 0:00:02]} 6. Nxc4 {
[%emt 0:00:03]} b5 {[%emt 0:00:01]} 7. Nce5 {[%emt 0:00:08]} Bb7 {[%emt 0:00:
01]} 8. Bg2 {[%emt 0:00:01]} c5 {[%emt 0:00:02]} 9. O-O {[%emt 0:00:03]} Nbd7 {
[%emt 0:00:05]} 10. Bg5 {[%emt 0:00:16]} Qb6 {[%emt 0:00:05]} 11. a4 Bd6 {
[%emt 0:00:21]} 12. dxc5 {[%emt 0:00:30]} Nxc5 {[%emt 0:00:18]} 13. axb5 {
[%emt 0:01:14]} axb5 {[%emt 0:00:02]} 14. Rxa8+ {[%emt 0:00:01]} Bxa8 {[%emt 0:
00:01]} 15. Bxf6 {[%emt 0:00:22]} gxf6 {[%emt 0:00:01]} 16. Ng4 {[%emt 0:00:00]
} Ke7 {[%emt 0:00:15]} 17. Qd4 {[%emt 0:00:17]} Nd7 {[%emt 0:00:09]} 18. Qd2 {
[%emt 0:00:06]} h5 {[%emt 0:00:10]} 19. Ne3 {[%emt 0:00:02]} Bxf3 {[%emt 0:00:
09]} 20. Bxf3 {[%emt 0:00:04]} h4 {[%emt 0:00:02]} 21. Rd1 {[%emt 0:00:02]} Ne5
{[%emt 0:00:11]} 22. Ng4 {[%emt 0:00:11]} Nxg4 {[%emt 0:00:07]} 23. Bxg4 {
[%emt 0:00:01]} hxg3 {[%emt 0:00:15]} 24. hxg3 {[%emt 0:00:00]} Rg8 {[%emt 0:
00:09]} 25. Bf3 {[%emt 0:00:14]} Rxg3+ 26. Kf1 Rg5 {[%emt 0:00:08]} 27. Qc3 {
[%emt 0:00:02]} Bc5 {[%emt 0:00:23]} 28. Qd3 {[%emt 0:00:05]} Bxf2 {[%emt 0:00:
08]} 29. Qd7+ {[%emt 0:00:01]} Kf8 {[%emt 0:00:01]} 30. Qc8+ {[%emt 0:00:07]}
Kg7 {[%emt 0:00:01]} 31. Bg2 {[%emt 0:00:02]} Bh4 {[%emt 0:00:05]} 0-1

[Event "GER-ch Blitz 2019"]
[Site "Magdeburg"]
[Date "2019.05.25"]
[Round "8.2"]
[White "Ehmann, Thilo"]
[Black "Kirchner, Thomas"]
[Result "0-1"]
[WhiteElo "2291"]
[BlackElo "2311"]
[Annotator "NA"]
[PlyCount "141"]
[EventDate "2019.05.25"]
[EventType "tourn"]
[EventCountry "GER"]
[Tiebreak "Number of wins+Number of black wins"]
[SourceTitle "playchess.com"]
[Source "ChessBase"]
[SourceQuality "1"]
[TimeControl "180+2"]

1. e4 {[%emt 0:00:00]} e5 {[%emt 0:00:00]} 2. Nf3 {[%emt 0:00:00]} Nc6 {
[%emt 0:00:00]} 3. Bb5 {[%emt 0:00:01]} a6 {[%emt 0:00:00]} 4. Ba4 {[%emt 0:00:
00]} Nf6 {[%emt 0:00:01]} 5. O-O {[%emt 0:00:02]} b5 {[%emt 0:00:01]} 6. Bb3 {
[%emt 0:00:00]} Be7 {[%emt 0:00:00]} 7. Re1 {[%emt 0:00:10]} O-O {[%emt 0:00:
02]} 8. h3 {[%emt 0:00:01]} Bb7 {[%emt 0:00:00]} 9. c3 {[%emt 0:00:04]} d5 {
[%emt 0:00:02]} 10. exd5 Nxd5 {[%emt 0:00:01]} 11. d3 {[%emt 0:00:07]} Bc5 {
[%emt 0:00:11]} 12. Bc2 {[%emt 0:00:32]} Re8 {[%emt 0:00:04]} 13. Nbd2 {
[%emt 0:00:02]} Bb6 {[%emt 0:00:07]} 14. Nf1 {[%emt 0:00:11]} b4 {[%emt 0:00:
14]} 15. Bd2 {[%emt 0:00:07]} bxc3 {[%emt 0:00:02]} 16. bxc3 {[%emt 0:00:01]}
Rb8 {[%emt 0:00:01]} 17. Ba4 {[%emt 0:00:04]} f6 {[%emt 0:00:08]} 18. Ng3 {
[%emt 0:00:12]} Kh8 {[%emt 0:00:02]} 19. Ne4 {[%emt 0:00:24]} Qd7 {[%emt 0:00:
34]} 20. c4 {[%emt 0:00:22]} Nde7 {[%emt 0:00:06]} 21. c5 {[%emt 0:00:08]} Ba7
{[%emt 0:00:03]} 22. Bc3 {[%emt 0:00:11]} Red8 {[%emt 0:00:06]} 23. Bc2 {
[%emt 0:00:10]} Nd5 {[%emt 0:00:04]} 24. Qd2 {[%emt 0:00:13]} Nxc3 {[%emt 0:00:
07]} 25. Qxc3 {[%emt 0:00:01]} Ne7 {[%emt 0:00:01]} 26. Rad1 {[%emt 0:00:11]}
Nd5 {[%emt 0:00:01]} 27. Qc4 {[%emt 0:00:04]} Qb5 {[%emt 0:00:13]} 28. Bb3 {
[%emt 0:00:12]} Nf4 {[%emt 0:00:07]} 29. Qxb5 {[%emt 0:00:11]} axb5 {[%emt 0:
00:01]} 30. d4 {[%emt 0:00:05]} exd4 31. g3 {[%emt 0:00:00]} Ng6 {[%emt 0:00:
29]} 32. Rxd4 Re8 {[%emt 0:00:17]} 33. Kf1 {[%emt 0:00:05]} Ne5 {[%emt 0:00:08]
} 34. Nxe5 {[%emt 0:00:02]} Rxe5 {[%emt 0:00:00]} 35. f4 {[%emt 0:00:04]} Ree8
{[%emt 0:00:06]} 36. Bd5 {[%emt 0:00:06]} Rbd8 {[%emt 0:00:04]} 37. Red1 Ba6
38. Bc6 {[%emt 0:00:03]} Rxd4 {[%emt 0:00:22]} 39. Rxd4 Rf8 {[%emt 0:00:09]}
40. Rd7 {[%emt 0:00:02]} Bb8 {[%emt 0:00:01]} 41. Re7 {[%emt 0:00:00]} b4+ {
[%emt 0:00:02]} 42. Kg2 Bc4 43. Nd2 {[%emt 0:00:05]} Bxa2 {[%emt 0:00:04]} 44.
Re4 {[%emt 0:00:01]} b3 {[%emt 0:00:01]} 45. Rb4 {[%emt 0:00:01]} Ba7 {[%emt 0:
00:04]} 46. Nxb3 {[%emt 0:00:00]} Bxb3 {[%emt 0:00:02]} 47. Rxb3 {[%emt 0:00:
01]} Bxc5 {[%emt 0:00:01]} 48. Rc3 {[%emt 0:00:01]} Bd6 {[%emt 0:00:02]} 49.
Kf3 {[%emt 0:00:01]} g6 {[%emt 0:00:02]} 50. g4 {[%emt 0:00:00]} Rb8 {[%emt 0:
00:01]} 51. Be4 {[%emt 0:00:02]} Kg7 {[%emt 0:00:02]} 52. f5 {[%emt 0:00:00]}
Rb2 {[%emt 0:00:02]} 53. Rd3 {[%emt 0:00:03]} Rb4 {[%emt 0:00:03]} 54. Rc3 {
[%emt 0:00:03]} Rb2 {[%emt 0:00:04]} 55. Rd3 {[%emt 0:00:01]} g5 {[%emt 0:00:
03]} 56. Bd5 {[%emt 0:00:01]} Bc5 {[%emt 0:00:05]} 57. Be6 {[%emt 0:00:02]} Bd6
{[%emt 0:00:01]} 58. Bd5 {[%emt 0:00:01]} Rh2 {[%emt 0:00:02]} 59. Ke4 {
[%emt 0:00:00]} Be5 {[%emt 0:00:02]} 60. Be6 {[%emt 0:00:01]} Bd6 {[%emt 0:00:
03]} 61. Kd5 {[%emt 0:00:01]} h5 {[%emt 0:00:03]} 62. Rd4 {[%emt 0:00:02]} hxg4
{[%emt 0:00:02]} 63. hxg4 {[%emt 0:00:01]} Rc2 {[%emt 0:00:01]} 64. Rc4 {
[%emt 0:00:02]} Rd2+ {[%emt 0:00:01]} 65. Ke4 {[%emt 0:00:01]} Kf8 {[%emt 0:00:
01]} 66. Ke3 {[%emt 0:00:01]} Rb2 {[%emt 0:00:02]} 67. Kf3 {[%emt 0:00:00]} Ke7
{[%emt 0:00:00]} 68. Ke3 {[%emt 0:00:01]} Be5 {[%emt 0:00:02]} 69. Rc6 {
[%emt 0:00:03]} Rb4 {[%emt 0:00:01]} 70. Kf3 {[%emt 0:00:00]} Bd6 {[%emt 0:00:
00]} 71. Rc4 {[%emt 0:00:01]} 0-1

[Event "GER-ch Blitz 2019"]
[Site "Magdeburg"]
[Date "2019.05.25"]
[Round "8.3"]
[White "Heidrich, Manfred"]
[Black "Braeuer, Franz"]
[Result "1/2-1/2"]
[WhiteElo "2351"]
[BlackElo "2445"]
[Annotator "NA"]
[PlyCount "61"]
[EventDate "2019.05.25"]
[EventType "tourn"]
[EventCountry "GER"]
[Tiebreak "Number of wins+Number of black wins"]
[SourceTitle "playchess.com"]
[Source "ChessBase"]
[SourceQuality "1"]
[TimeControl "180+2"]

1. e4 {[%emt 0:00:00]} c5 {[%emt 0:00:00]} 2. c3 {[%emt 0:00:00]} Nf6 {[%emt 0:
00:00]} 3. e5 {[%emt 0:00:01]} Nd5 {[%emt 0:00:01]} 4. d4 {[%emt 0:00:00]} cxd4
{[%emt 0:00:06]} 5. cxd4 {[%emt 0:00:01]} Nc6 {[%emt 0:00:06]} 6. Nc3 {[%emt 0:
00:16]} Nxc3 {[%emt 0:00:11]} 7. bxc3 {[%emt 0:00:01]} d6 {[%emt 0:00:01]} 8.
f4 {[%emt 0:00:01]} e6 {[%emt 0:00:16]} 9. Nf3 {[%emt 0:00:02]} Be7 {[%emt 0:
00:00]} 10. Bd3 {[%emt 0:00:02]} O-O {[%emt 0:00:25]} 11. O-O {[%emt 0:00:02]}
Bd7 {[%emt 0:00:08]} 12. Qe2 {[%emt 0:00:23]} d5 {[%emt 0:00:12]} 13. g4 {
[%emt 0:00:13]} f6 {[%emt 0:00:50]} 14. exf6 {[%emt 0:00:08]} Rxf6 {[%emt 0:00:
01]} 15. Bd2 {[%emt 0:00:11]} Bd6 {[%emt 0:00:08]} 16. Ne5 {[%emt 0:00:08]} Rf8
{[%emt 0:00:17]} 17. Rae1 {[%emt 0:00:03]} Nxe5 {[%emt 0:00:10]} 18. fxe5 {
[%emt 0:00:03]} Be7 {[%emt 0:00:06]} 19. Rxf8+ {[%emt 0:00:18]} Qxf8 {[%emt 0:
00:01]} 20. Qg2 {[%emt 0:00:07]} Qe8 {[%emt 0:00:14]} 21. Qh3 {[%emt 0:00:23]}
g6 {[%emt 0:00:01]} 22. Rf1 {[%emt 0:00:01]} Bb5 {[%emt 0:00:07]} 23. Bxb5 {
[%emt 0:00:21]} Qxb5 {[%emt 0:00:01]} 24. Rf7 {[%emt 0:00:01]} Kxf7 {[%emt 0:
00:08]} 25. Qxh7+ {[%emt 0:00:01]} Ke8 {[%emt 0:00:01]} 26. Qg8+ {[%emt 0:00:
02]} Kd7 {[%emt 0:00:06]} 27. Qxa8 {[%emt 0:00:02]} Qb1+ {[%emt 0:00:01]} 28.
Kf2 {[%emt 0:00:01]} Bh4+ {[%emt 0:00:02]} 29. Ke2 {[%emt 0:00:03]} Qe4+ {
[%emt 0:00:03]} 30. Kd1 {[%emt 0:00:01]} Qb1+ {[%emt 0:00:01]} 31. Ke2 {
[%emt 0:00:00]} 1/2-1/2

[Event "GER-ch Blitz 2019"]
[Site "Magdeburg"]
[Date "2019.05.25"]
[Round "8.4"]
[White "Buhmann, Rainer"]
[Black "Svane, Frederik"]
[Result "1-0"]
[WhiteElo "2573"]
[BlackElo "2342"]
[Annotator "ChessBase"]
[PlyCount "93"]
[EventDate "2019.05.25"]
[EventType "tourn"]
[EventCountry "GER"]
[Tiebreak "Number of wins+Number of black wins"]
[SourceTitle "playchess.com"]
[Source "ChessBase"]
[SourceQuality "1"]
[TimeControl "180+2"]

1. d4 {[%emt 0:00:00]} Nf6 {[%emt 0:00:00]} 2. c4 {[%emt 0:00:00]} g6 {[%emt 0:
00:00]} 3. Nc3 {[%emt 0:00:01]} Bg7 {[%emt 0:00:01]} 4. e4 {[%emt 0:00:01]} d6
{[%emt 0:00:01]} 5. Be2 {[%emt 0:00:02]} O-O {[%emt 0:00:02]} 6. Be3 {[%emt 0:
00:01]} e5 {[%emt 0:00:01]} 7. d5 {[%emt 0:00:01]} Na6 {[%emt 0:00:00]} 8. g4 {
[%emt 0:00:04]} Nc5 {[%emt 0:00:01]} 9. f3 {[%emt 0:00:02]} h5 {[%emt 0:00:07]}
10. h4 {[%emt 0:00:01]} c6 {[%emt 0:00:31]} 11. b4 {[%emt 0:00:19]} Na6 {
[%emt 0:00:12]} 12. a3 {[%emt 0:00:05]} Nc7 {[%emt 0:00:20]} 13. g5 {[%emt 0:
00:09]} Nfe8 {[%emt 0:00:19]} 14. Nh3 {[%emt 0:00:38]} cxd5 {[%emt 0:00:12]}
15. cxd5 {[%emt 0:00:02]} Bd7 {[%emt 0:00:21]} 16. Nf2 {[%emt 0:00:04]} f5 {
[%emt 0:00:33]} 17. Nd3 {[%emt 0:00:09]} Nb5 {[%emt 0:00:33]} 18. Nxb5 {
[%emt 0:00:02]} Bxb5 {[%emt 0:00:00]} 19. Nf2 {[%emt 0:00:14]} Bd7 {[%emt 0:00:
02]} 20. Bd3 {[%emt 0:00:07]} a5 {[%emt 0:00:13]} 21. O-O {[%emt 0:00:09]} b5 {
[%emt 0:00:09]} 22. Qe2 {[%emt 0:00:02]} a4 {[%emt 0:00:03]} 23. Bxb5 {[%emt 0:
00:04]} fxe4 {[%emt 0:00:01]} 24. fxe4 {[%emt 0:00:10]} Rb8 {[%emt 0:00:02]}
25. Bxd7 {[%emt 0:00:04]} Qxd7 {[%emt 0:00:00]} 26. Kg2 Nc7 27. Qd3 {[%emt 0:
00:21]} Nb5 {[%emt 0:00:04]} 28. Rac1 {[%emt 0:00:09]} Rf7 {[%emt 0:00:03]} 29.
Rc6 {[%emt 0:00:08]} Nd4 {[%emt 0:00:04]} 30. Bxd4 {[%emt 0:00:03]} exd4 {
[%emt 0:00:00]} 31. Qh3 {[%emt 0:00:03]} Qe7 {[%emt 0:00:03]} 32. Qe6 {[%emt 0:
00:05]} Qxe6 {[%emt 0:00:02]} 33. dxe6 {[%emt 0:00:01]} Re7 {[%emt 0:00:01]}
34. Rxd6 {[%emt 0:00:03]} Rbe8 {[%emt 0:00:01]} 35. Nd3 {[%emt 0:00:05]} Rxe6 {
[%emt 0:00:01]} 36. Rxe6 {[%emt 0:00:02]} Rxe6 {[%emt 0:00:00]} 37. e5 {
[%emt 0:00:01]} Rc6 {[%emt 0:00:02]} 38. Rf3 {[%emt 0:00:11]} Rc2+ {[%emt 0:00:
01]} 39. Kg3 {[%emt 0:00:02]} Rc3 {[%emt 0:00:01]} 40. e6 {[%emt 0:00:02]} Bf8
{[%emt 0:00:04]} 41. Nc5 {[%emt 0:00:15]} Bd6+ {[%emt 0:00:01]} 42. Kg2 {
[%emt 0:00:01]} Rc2+ {[%emt 0:00:06]} 43. Rf2 {[%emt 0:00:01]} Rc3 {[%emt 0:00:
01]} 44. Ne4 {[%emt 0:00:03]} Rc6 {[%emt 0:00:02]} 45. Nxd6 {[%emt 0:00:02]}
Rxd6 {[%emt 0:00:01]} 46. e7 {[%emt 0:00:00]} Re6 {[%emt 0:00:04]} 47. Rf8+ {
[%emt 0:00:01]} 1-0